Historia general del trabajo / (Record no. 116045)

MARC details
000 -LEADER
campo de control de longitud fija 00681nam a2200205 4500
001 - NÚMERO DE CONTROL
campo de control 116045
003 - IDENTIFICADOR DE NÚMERO DE CONTROL
campo de control ES-MaACL
005 - FECHA Y HORA DE LA ÚLTIMA TRANSACCIÓN
campo de control 20250831063038.0
007 - CAMPO FIJO DE DESCRIPCIÓN FÍSICA--INFORMACIÓN GENERAL
campo de control de longitud fija t|
008 - DATOS DE LONGITUD FIJA--INFORMACIÓN GENERAL
campo de control de longitud fija 061121s1965 mx r ||||1| spa d
100 1# - ENTRADA PRINCIPAL--NOMBRE DE PERSONA
Nombre de persona Parias, Louis-Henri
9 (RLIN) 89119
245 10 - MENCIÓN DEL TÍTULO
Título Historia general del trabajo /
Mención de responsabilidad, etc. Dirigida por Louis-Henri Parias ; epílogo de André Aymard ; [traducido por Joaquín Romeró Maura].
250 ## - MENCION DE EDICION
Mención de edición [1ª ed.].
260 ## - PUBLICACIÓN, DISTRIBUCIÓN, ETC.
Lugar de publicación, distribución, etc. México [etc.] :
Nombre del editor, distribuidor, etc. Grijalbo,
Fecha de publicación, distribución, etc. 1965.
300 ## - DESCRIPCIÓN FÍSICA
Extensión 4 v. ;
Dimensiones 26 cm.
700 1# - ENTRADA AGREGADA--NOMBRE PERSONAL
Nombre de persona Aymar, M. Andre.
9 (RLIN) 24170
700 1# - ENTRADA AGREGADA--NOMBRE PERSONAL
Nombre de persona Romero Maura, Joaquín,
Fechas asociadas al nombre 1940-
9 (RLIN) 99412
852 ## - LOCALIZACIÓN
Ubicación ES-MaACL
Número de control de estantería C-27313-6
Sublocalización o colección R.56313
Holdings
Estatus retirado Estado de pérdida Estado de daño No para préstamo Biblioteca de origen Biblioteca actual Ubicación en estantería Fecha de adquisición Fuente de adquisición Total de préstamos Signatura topográfica completa Código de barras Visto por última vez Precio de reemplazo Tipo de ítem Koha
        Biblioteca del Ateneo de Madrid Biblioteca del Ateneo de Madrid Depósito 2 17/01/2008     C-27313-6 1121012 23/02/2023 23/02/2023 Libro impreso